Statistics for City Comparisons: Asia vs. the World

Click here to take the quiz!

General Stats

  • This quiz has been taken 21 times
  • The average score is 12 of 20

Answer Stats

Asian CityPopulationClosest City% Correct
Mumbai24,200,000Mexico City (22,600,000)
95%
Osaka17,700,000Los Angeles (17,700,000)
89%
Beijing20,000,000Cairo (18,200,000)
84%
Xiamen9,800,000Chicago (9,750,000)
84%
Tianjin12,700,000Rio de Janeiro (12,800,000)
84%
Xi'an6,750,000Dallas (6,900,000)
74%
Nagoya10,500,000Lima (10,300,000)
74%
Chongqing7,800,000San Francisco (7,800,000)
74%
Wuhan8,700,000Washington (8,500,000)
74%
Kolkata16,400,000Buenos Aires (16,100,000)
68%
Nanjing6,600,000Houston (6,500,000)
68%
Bangalore11,500,000Kinshasa (11,600,000)
68%
Bandung6,150,000Miami (6,250,000)
68%
Hong Kong7,350,000Philadelphia (7,350,000)
58%
Colombo4,750,000Barcelona (4,700,000)
47%
Changsha4,550,000Melbourne (4,550,000)
42%
Qingdao5,900,000Dar es Salaam (5,900,000)
21%
Yangon5,400,000Abidjan (5,350,000)
16%
Surabaya4,875,000Ankara (4,850,000)
16%
Harbin5,300,000Amman (5,300,000)
11%

Score Distribution

Percentile by Number Answered

Percent of People with Each Score

Your Score History

You have not taken this quiz